|
|
|
|
| LEADER |
03680nam a2200901 i 4500 |
| 001 |
nkc20193161832 |
| 003 |
CZ PrNK |
| 005 |
20200120101307.0 |
| 007 |
ta |
| 008 |
191127t20192019xr ac e 000 1dcze |
| 015 |
|
|
|a cnb003161832
|
| 020 |
|
|
|a 978-80-7336-986-6
|q (vázáno)
|
| 035 |
|
|
|a (OCoLC)1140077694
|
| 040 |
|
|
|a BOA001
|b cze
|e rda
|
| 041 |
1 |
|
|a cze
|h ger
|
| 043 |
|
|
|a e-gx---
|a a-mp---
|a e-urs--
|
| 045 |
|
|
|a x-y-
|
| 072 |
|
7 |
|a 615.8
|x Fyzioterapie. Psychoterapie. Alternativní lékařství
|2 Konspekt
|9 14
|
| 080 |
|
|
|a [58:39]-051
|2 MRF
|
| 080 |
|
|
|a 910.4
|2 MRF
|
| 080 |
|
|
|a 133.4:2-382
|2 MRF
|
| 080 |
|
|
|a 615.89:633.88
|2 MRF
|
| 080 |
|
|
|a 615.83+615.89
|2 MRF
|
| 080 |
|
|
|a 633.88
|2 MRF
|
| 080 |
|
|
|a 502.2
|2 MRF
|
| 080 |
|
|
|a (430)
|2 MRF
|
| 080 |
|
|
|a (517.3)
|2 MRF
|
| 080 |
|
|
|a (571.1/.5)
|2 MRF
|
| 080 |
|
|
|a (0:82-992)
|2 MRF
|
| 100 |
1 |
|
|a Storl, Wolf-Dieter,
|d 1942-
|7 jn20010310172
|4 aut
|
| 240 |
1 |
0 |
|a Wolfmedizin.
|l Česky
|
| 245 |
1 |
0 |
|a Wolfova medicína :
|b šamanizmus a léčivé rostliny /
|c Wolf-Dieter Storl ; z druhého vydání německého originálu Wolfmedizin: eine Reise zu den Pflanzenheilkundigen in der Mongolei und Sibirien ... přeložila Ivana Kraus
|
| 246 |
3 |
0 |
|a Šamanizmus a léčivé rostliny
|
| 246 |
1 |
5 |
|a Cesta k léčitelům v Mongolsku a na Sibiř
|
| 250 |
|
|
|a Vydání první
|
| 264 |
|
1 |
|a Olomouc :
|b Fontána,
|c [2019]
|
| 264 |
|
4 |
|c ©2019
|
| 300 |
|
|
|a 231 stran :
|b ilustrace (převážně barevné), portréty ;
|c 21 cm
|
| 336 |
|
|
|a text
|b txt
|2 rdacontent
|
| 337 |
|
|
|a bez média
|b n
|2 rdamedia
|
| 338 |
|
|
|a svazek
|b nc
|2 rdacarrier
|
| 504 |
|
|
|a Obsahuje bibliografii
|
| 600 |
1 |
7 |
|a Storl, Wolf-Dieter,
|d 1942-
|7 jn20010310172
|2 czenas
|
| 648 |
|
7 |
|a 20.-21. století
|7 ch462155
|2 czenas
|
| 650 |
0 |
7 |
|a etnobotanici
|7 ph120014
|z Německo
|y 20.-21. století
|2 czenas
|
| 650 |
0 |
7 |
|a cesty a pobyt
|7 ph137578
|z Mongolsko
|2 czenas
|
| 650 |
0 |
7 |
|a cesty a pobyt
|7 ph137578
|z Sibiř (Rusko)
|2 czenas
|
| 650 |
0 |
7 |
|a šamanismus
|7 ph127795
|z Mongolsko
|2 czenas
|
| 650 |
0 |
7 |
|a šamanismus
|7 ph127795
|z Sibiř (Rusko)
|2 czenas
|
| 650 |
0 |
7 |
|a fytoterapie
|7 ph120421
|z Mongolsko
|2 czenas
|
| 650 |
0 |
7 |
|a fytoterapie
|7 ph120421
|z Sibiř (Rusko)
|2 czenas
|
| 650 |
0 |
7 |
|a přírodní léčitelství
|7 ph135495
|z Mongolsko
|2 czenas
|
| 650 |
0 |
7 |
|a přírodní léčitelství
|7 ph135495
|z Sibiř (Rusko)
|2 czenas
|
| 650 |
0 |
7 |
|a léčivé rostliny
|7 ph115198
|z Mongolsko
|2 czenas
|
| 650 |
0 |
7 |
|a léčivé rostliny
|7 ph115198
|z Sibiř (Rusko)
|2 czenas
|
| 650 |
0 |
9 |
|a ethnobotanists
|z Germany
|y 20th-21st centuries
|2 eczenas
|
| 650 |
0 |
9 |
|a voyages and travels
|z Mongolia
|2 eczenas
|
| 650 |
0 |
9 |
|a voyages and travels
|z Siberia (Russia)
|2 eczenas
|
| 650 |
0 |
9 |
|a shamanism
|z Mongolia
|2 eczenas
|
| 650 |
0 |
9 |
|a shamanism
|z Siberia (Russia)
|2 eczenas
|
| 650 |
0 |
9 |
|a phytotherapy
|z Mongolia
|2 eczenas
|
| 650 |
0 |
9 |
|a phytotherapy
|z Siberia (Russia)
|2 eczenas
|
| 650 |
0 |
9 |
|a natural healing
|z Mongolia
|2 eczenas
|
| 650 |
0 |
9 |
|a natural healing
|z Siberia (Russia)
|2 eczenas
|
| 650 |
0 |
9 |
|a medicinal plants
|z Mongolia
|2 eczenas
|
| 650 |
0 |
9 |
|a medicinal plants
|z Siberia (Russia)
|2 eczenas
|
| 651 |
|
7 |
|a Mongolsko
|7 ge130064
|x přírodní poměry
|2 czenas
|
| 651 |
|
7 |
|a Sibiř (Rusko)
|7 ge130802
|x přírodní poměry
|2 czenas
|
| 651 |
|
9 |
|a Mongolia
|x natural conditions
|2 eczenas
|
| 651 |
|
9 |
|a Siberia (Russia)
|x natural conditions
|2 eczenas
|
| 655 |
|
7 |
|a cestopisy
|7 fd131956
|2 czenas
|
| 655 |
|
9 |
|a books of travels
|2 eczenas
|
| 700 |
1 |
|
|a Kraus, Ivana,
|d 1954-
|7 jn20010309064
|4 trl
|
| 910 |
2 |
|
|a BOA001
|b 2-1440.692
|
| 990 |
|
|
|a BK
|
| 995 |
|
|
|a 01
|
| 991 |
|
|
|b 201912
|c NOV
|
| 996 |
6 |
|
|b 2610808795
|c 2-1440.692
|l MZK
|r Sklad / do 1 hodiny
|n 2
|p p.v.
|w 001771784
|u 000010
|a 1
|e BOA001
|j MZK50
|s P
|